[Event "SVK-chT U18 final"]
[Site "Banska Bystrica"]
[Date "2017.05.06"]
[Round "3.1"]
[White "Michel, Norbert"]
[Black "Haring, Filip"]
[Result "0-1"]
[WhiteElo "2039"]
[BlackElo "2328"]
[PlyCount "26"]
[EventDate "2017.05.05"]
[EventType "team-tourn"]
[EventRounds "5"]
[EventCountry "SVK"]
[SourceTitle "CBM 178 Extra"]
[Source "ChessBase"]
[SourceDate "2017.06.22"]
[SourceVersion "1"]
[SourceVersionDate "2017.06.22"]
[SourceQuality "1"]
[WhiteTeam "Kosice Slavia UPJS"]
[BlackTeam "Banska Bystrica Junior"]
[WhiteTeamCountry "SVK"]
[BlackTeamCountry "SVK"]

1. c4 Nf6 2. Nc3 e5 3. Nf3 Nc6 4. e4 Bc5 5. Nxe5 Qe7 6. Nxc6 dxc6 7. Bd3 Ng4 8. 0-0 Qd6 9. e5 Qxd3 10. h3 Nh6 11. Re1 Bf5 12. Ne2 0-0-0 13. Qa4 Rhe8 0-1

[Event "SVK-chT U18 final"]
[Site "Banska Bystrica"]
[Date "2017.05.05"]
[Round "1.1"]
[White "Michel, Norbert"]
[Black "Pechac, Jergus"]
[Result "0-1"]
[WhiteElo "2039"]
[BlackElo "2455"]
[PlyCount "34"]
[EventDate "2017.05.05"]
[EventType "team-tourn"]
[EventRounds "5"]
[EventCountry "SVK"]
[SourceTitle "CBM 178 Extra"]
[Source "ChessBase"]
[SourceDate "2017.06.22"]
[SourceVersion "1"]
[SourceVersionDate "2017.06.22"]
[SourceQuality "1"]
[WhiteTeam "Kosice Slavia UPJS"]
[BlackTeam "Zilina Mladost"]
[WhiteTeamCountry "SVK"]
[BlackTeamCountry "SVK"]

1. e4 c5 2. Nf3 d6 3. d4 Nf6 4. Nc3 cxd4 5. Nxd4 a6 6. Bg5 Nbd7 7. Bc4 Qb6 8. 0-0 Qxb2 9. Qd2 Qb6 10. Rfe1 g6 11. Bxf6 Nxf6 12. e5 dxe5 13. Rxe5 Bg7 14. Rb1 Qc7 15. Qe2 Ng4 16. Re4 Qxh2+ 17. Kf1 Qh1# 0-1

[Event "SVK-ch U16"]
[Site "Liptovsky Mikulas"]
[Date "2017.04.28"]
[Round "9"]
[White "Michel, Norbert"]
[Black "Matis, Tibor"]
[Result "0-1"]
[WhiteElo "2067"]
[BlackElo "1872"]
[PlyCount "62"]
[EventDate "2017.04.22"]
[EventType "swiss"]
[EventRounds "9"]
[EventCountry "SVK"]
[SourceTitle "CBM 178 Extra"]
[Source "ChessBase"]
[SourceDate "2017.06.22"]
[SourceVersion "1"]
[SourceVersionDate "2017.06.22"]
[SourceQuality "1"]

1. e4 c5 2. Nf3 Nc6 3. Nc3 e6 4. d4 cxd4 5. Nxd4 a6 6. Nxc6 bxc6 7. Bd3 e5 8. 0-0 Nf6 9. Bg5 Be7 10. Bxf6 Bxf6 11. Bc4 d6 12. Qe2 0-0 13. Rad1 Be7 14. Bb3 Qc7 15. Kh1 Be6 16. Rd3 Rad8 17. Rfd1 Bxb3 18. axb3 f5 19. Rg3 Qc8 20. Kg1 fxe4 21. Nxe4 d5 22. Nc3 e4 23. Na4 Bh4 24. Rf1 Bxg3 25. hxg3 c5 26. Qe3 Qc6 27. Rd1 d4 28. Qg5 Rd5 29. Qe7 Qf6 30. Qxf6 Rxf6 31. Re1 d3 0-1

[Event "SVK-ch U16"]
[Site "Liptovsky Mikulas"]
[Date "2017.04.26"]
[Round "7"]
[White "Michel, Norbert"]
[Black "Gazik, Viktor"]
[Result "0-1"]
[WhiteElo "2067"]
[BlackElo "2422"]
[PlyCount "98"]
[EventDate "2017.04.22"]
[EventType "swiss"]
[EventRounds "9"]
[EventCountry "SVK"]
[SourceTitle "CBM 178 Extra"]
[Source "ChessBase"]
[SourceDate "2017.06.22"]
[SourceVersion "1"]
[SourceVersionDate "2017.06.22"]
[SourceQuality "1"]

1. e4 c5 2. Nf3 g6 3. d4 cxd4 4. Nxd4 Bg7 5. Nc3 Nc6 6. Nxc6 bxc6 7. Bc4 d6 8. 0-0 Nf6 9. e5 dxe5 10. Qxd8+ Kxd8 11. Re1 Bf5 12. Rxe5 Nd5 13. Re2 e6 14. Na4 h6 15. Bb3 g5 16. Bd2 Ke7 17. Rd1 Rhd8 18. c4 Bd3 19. Ree1 Nb6 20. Ba5 Nxa4 21. Bxd8+ Rxd8 22. Bxa4 c5 23. b3 Rd4 24. Re3 Bc2 25. Rde1 Bd1 26. Bc6 Rd2 27. Bf3 Bxf3 28. Rxf3 Rxa2 29. g4 Bd4 30. Kf1 Ra6 31. Rh3 Rb6 32. Re2 Kf8 33. Ra2 a6 34. Ke2 Kg7 35. Rd3 Kg6 36. Rf3 f5 37. gxf5+ exf5 38. Kf1 g4 39. Rd3 h5 40. Re2 Kg5 41. Re8 f4 42. Rg8+ Kh4 43. f3 a5 44. fxg4 hxg4 45. Ra8 g3 46. Rxa5 gxh2 47. Kg2 Kg4 48. Rh3 f3+ 49. Kxh2 Be5+ 0-1

[Event "SVK-chT2D 1617"]
[Site "Slovakia"]
[Date "2017.03.12"]
[Round "11.1"]
[White "Michel, Norbert"]
[Black "Rajnak, Daniel"]
[Result "1/2-1/2"]
[WhiteElo "2033"]
[BlackElo "2126"]
[PlyCount "114"]
[EventDate "2016.10.08"]
[EventType "team-tourn"]
[EventRounds "11"]
[EventCountry "SVK"]
[SourceTitle "EXT 2019"]
[Source "ChessBase"]
[SourceDate "2018.10.10"]
[SourceVersion "1"]
[SourceVersionDate "2018.10.10"]
[SourceQuality "1"]
[WhiteTeam "Kosice Slavia UPJS III"]
[BlackTeam "Humenne Reinter II"]
[WhiteTeamCountry "SVK"]
[BlackTeamCountry "SVK"]

1. e4 e6 2. d4 d5 3. Nd2 dxe4 4. Nxe4 Nd7 5. Bd3 Ngf6 6. Qe2 c5 7. Nxc5 Nxc5 8. dxc5 Bxc5 9. Nf3 Qc7 10. 0-0 Be7 11. Bg5 a6 12. Rad1 b6 13. Ne5 0-0 14. Bc4 b5 15. Bb3 a5 16. a3 b4 17. axb4 axb4 18. Rfe1 Ra5 19. Bf4 Qc5 20. Qf3 Ra6 21. h3 h6 22. Nd3 Qb5 23. Ne5 Qc5 24. Qe2 Bb7 25. Nxf7 Rxf7 26. Bxe6 Kf8 27. Bxf7 Kxf7 28. Be3 Qc6 29. f3 Bf8 30. Bd4 Kg8 31. Bxf6 Qxf6 32. Qc4+ Kh7 33. Qc7 Qb6+ 34. Qxb6 Rxb6 35. c3 bxc3 36. bxc3 Rc6 37. Rc1 Ba3 38. Rb1 Ba6 39. Rb3 Bc5+ 40. Kh1 Bf2 41. Re7 Bh4 42. Rd7 Bf6 43. Ra7 Bc4 44. Rbb7 Re6 45. Ra1 Bxc3 46. Rc1 Ba6 47. Rb3 Bf6 48. Rg1 Kg6 49. Kh2 h5 50. Kh1 Rd6 51. Ra3 Bb7 52. Rb3 Bc8 53. Rbb1 h4 54. Rgd1 Ra6 55. Rb4 Bf5 56. Rc4 Rb6 57. Re1 Rb3 1/2-1/2

[Event "SVK-chT 1617"]
[Site "Slovakia"]
[Date "2017.01.14"]
[Round "5.1"]
[White "Spacek, Oliver"]
[Black "Michel, Norbert"]
[Result "1-0"]
[WhiteElo "2100"]
[BlackElo "1910"]
[PlyCount "75"]
[EventDate "2016.10.22"]
[EventType "team-tourn"]
[EventRounds "11"]
[EventCountry "SVK"]
[SourceTitle "CBM 177 Extra"]
[Source "ChessBase"]
[SourceDate "2017.04.27"]
[SourceVersion "1"]
[SourceVersionDate "2017.04.27"]
[SourceQuality "1"]
[WhiteTeam "Osuske"]
[BlackTeam "Kosice Slavia UPJS"]
[WhiteTeamCountry "SVK"]
[BlackTeamCountry "SVK"]

1. d4 Nf6 2. Nf3 g6 3. g3 c5 4. c3 Qc7 5. Bg2 Bg7 6. 0-0 0-0 7. d5 d6 8. Re1 Nbd7 9. a4 b6 10. Na3 a6 11. e4 Rb8 12. Qe2 Ne5 13. Nd2 Bb7 14. f4 Ned7 15. g4 e6 16. g5 Nh5 17. Nf1 exd5 18. exd5 Rbe8 19. Qxe8 Rxe8 20. Rxe8+ Nf8 21. Nc4 Qd7 22. Re1 Qd8 23. Ng3 Nxg3 24. hxg3 f6 25. Bd2 fxg5 26. fxg5 Bc8 27. Bf4 b5 28. axb5 axb5 29. Nxd6 Bd7 30. Ra7 b4 31. Ne4 bxc3 32. bxc3 Bf5 33. d6 Bxe4 34. Bxe4 Bxc3 35. Bd5+ Kh8 36. Ree7 Bd4+ 37. Kg2 c4 38. Ra8 1-0

[Event "SVK-chT1E 1617"]
[Site "Slovakia"]
[Date "2016.12.11"]
[Round "6.6"]
[White "Sabol, Jan"]
[Black "Michel, Norbert"]
[Result "0-1"]
[WhiteElo "1853"]
[BlackElo "2033"]
[PlyCount "100"]
[EventDate "2016.10.15"]
[EventType "team-tourn"]
[EventRounds "11"]
[EventCountry "SVK"]
[SourceTitle "EXT 2018"]
[Source "ChessBase"]
[SourceDate "2017.10.13"]
[SourceVersion "1"]
[SourceVersionDate "2017.10.13"]
[SourceQuality "1"]
[WhiteTeam "Presov Slavia PU"]
[BlackTeam "Kosice Slavia TU"]
[WhiteTeamCountry "SVK"]
[BlackTeamCountry "SVK"]

1. c4 Nf6 2. Nc3 c5 3. Nf3 g6 4. d4 cxd4 5. Nxd4 Nc6 6. e4 d6 7. Be2 Nxd4 8. Qxd4 Bg7 9. Be3 0-0 10. Qd2 a5 11. 0-0 a4 12. a3 Qa5 13. Rac1 Bd7 14. Rfd1 Bc6 15. f3 Nd7 16. Nd5 Bxd5 17. cxd5 Qxd2 18. Rxd2 Rfc8 19. Rdc2 Rxc2 20. Rxc2 Nc5 21. Bc4 Ra5 22. Bd2 Ra8 23. Kf1 Kf8 24. Ke2 Ke8 25. Kd1 Kd8 26. Kc1 Rb8 27. Kb1 b5 28. Be2 Bd4 29. Ka2 Nb3 30. Bc3 Bc5 31. Bd1 Kc7 32. Bb4 Kb6 33. Rc3 Nd4 34. f4 e6 35. g4 exd5 36. exd5 Re8 37. Rh3 Bxb4 38. axb4 Re1 39. Rd3 Re4 40. f5 gxf5 41. gxf5 Nxf5 42. Ka3 Rd4 43. Bc2 Rf4 44. Rc3 Nd4 45. Bxh7 Rf1 46. Ka2 Rh1 47. h3 f5 48. b3 Rh2+ 49. Kb1 a3 50. Rg3 a2+ 0-1

[Event "Banska Stiavnica V4 op"]
[Site "Banska Stiavnica"]
[Date "2016.07.03"]
[Round "2"]
[White "Michel, Norbert"]
[Black "Chmiel, Marcin"]
[Result "0-1"]
[WhiteElo "1985"]
[BlackElo "2171"]
[PlyCount "60"]
[EventDate "2016.07.02"]
[EventType "swiss"]
[EventRounds "9"]
[EventCountry "SVK"]
[SourceTitle "CBM 173 Extra"]
[Source "ChessBase"]
[SourceDate "2016.08.29"]
[SourceVersion "1"]
[SourceVersionDate "2016.08.29"]
[SourceQuality "1"]

1. e4 d6 2. d4 Nf6 3. Nc3 e5 4. dxe5 dxe5 5. Qxd8+ Kxd8 6. Bg5 c6 7. 0-0-0+ Nbd7 8. Bc4 Ke8 9. a4 Be7 10. f3 a6 11. Be3 b5 12. Be2 Bc5 13. Bxc5 Nxc5 14. axb5 axb5 15. h4 Nh5 16. g4 Nf4 17. Kb1 h5 18. g5 Ke7 19. Bf1 Be6 20. b3 Ra7 21. Nge2 Nxe2 22. Bxe2 Rha8 23. Kc1 b4 24. Nb1 Ra2 25. Bc4 Bxc4 26. bxc4 b3 27. Rd2 Rd8 28. Rxd8 Rxc2+ 29. Kd1 Kxd8 30. Nd2 Nd3 0-1

[Event "SVK-ch U16"]
[Site "Liptovsky Mikulas"]
[Date "2016.04.23"]
[Round "9"]
[White "Pechac, Jergus"]
[Black "Michel, Norbert"]
[Result "1-0"]
[WhiteElo "2496"]
[BlackElo "1935"]
[PlyCount "129"]
[EventDate "2016.04.16"]
[EventType "swiss"]
[EventRounds "9"]
[EventCountry "SVK"]
[SourceTitle "CBM 172 Extra"]
[Source "ChessBase"]
[SourceDate "2016.06.21"]
[SourceVersion "1"]
[SourceVersionDate "2016.06.21"]
[SourceQuality "1"]

1. e4 d5 2. exd5 Nf6 3. d4 Bg4 4. Nf3 Qxd5 5. Nc3 Qf5 6. Bd3 Qd7 7. h3 Bxf3 8. Qxf3 Nc6 9. Be3 e6 10. 0-0-0 0-0-0 11. Bb5 Nd5 12. Ne4 Nxe3 13. fxe3 f6 14. c4 a6 15. Ba4 Qe8 16. d5 exd5 17. cxd5 Ne5 18. Qf5+ Nd7 19. Rhf1 Qg6 20. Qe6 Bb4 21. Bc2 Qe8 22. a3 Bf8 23. Qf5 Qe5 24. Qg4 Kb8 25. Kb1 Qe8 26. Rd4 Ne5 27. Qf5 Qb5 28. Nc3 Qd7 29. Qxd7 Rxd7 30. b4 Bd6 31. Bf5 Rdd8 32. Ne4 Nf7 33. Be6 Ne5 34. Kc2 Ng6 35. Kb3 Be5 36. Rdd1 Ne7 37. Kc4 Nc8 38. Bxc8 Kxc8 39. Nc5 Rd6 40. a4 g6 41. b5 a5 42. e4 Kb8 43. Rf3 Rhd8 44. g4 Kc8 45. Rb1 b6 46. Nd3 Re8 47. Rbf1 Rd7 48. Re3 Rde7 49. Nxe5 fxe5 50. Rf6 Rg7 51. Ref3 Kd7 52. Rc6 Ree7 53. d6 cxd6 54. Kd5 Rgf7 55. Rxd6+ Kc7 56. Rc3+ Kb7 57. Rcc6 Rf3 58. Rxb6+ Kc8 59. Rdc6+ Kd8 60. Rb8+ Kd7 61. Rb7+ Ke8 62. Rc8+ Kf7 63. Rxe7+ Kxe7 64. b6 Rb3 65. Kc6 1-0

[Event "Kosice Kotan Memorial 7th"]
[Site "Kosice"]
[Date "2015.07.22"]
[Round "6"]
[White "Dujava, Jonas"]
[Black "Michel, Norbert"]
[Result "1-0"]
[WhiteElo "2157"]
[BlackElo "1940"]
[PlyCount "65"]
[EventDate "2015.07.18"]
[EventType "swiss"]
[EventRounds "9"]
[EventCountry "SVK"]
[SourceTitle "EXT 2016"]
[Source "ChessBase"]
[SourceDate "2015.10.08"]
[SourceVersion "1"]
[SourceVersionDate "2015.10.08"]
[SourceQuality "1"]

1. e4 c5 2. Nf3 d6 3. d4 cxd4 4. Nxd4 Nf6 5. Nc3 g6 6. Be3 Bg7 7. f3 0-0 8. Bc4 Nc6 9. Qd2 Bd7 10. 0-0-0 Na5 11. Bb3 Rb8 12. h4 b5 13. Bh6 Bxh6 14. Qxh6 e5 15. Nde2 b4 16. Nd5 Nxb3+ 17. axb3 Nxd5 18. Rxd5 Be6 19. h5 g5 20. Rxd6 Qe7 21. Rhd1 Rb6 22. g3 f6 23. R6d3 Rc8 24. f4 Bg4 25. R1d2 Bxe2 26. Rd7 Rxc2+ 27. Kxc2 Qc5+ 28. Kb1 Qg1+ 29. Rd1 Qxd1+ 30. Rxd1 Bxd1 31. fxg5 fxg5 32. Qxg5+ Kf8 33. Qd8+ 1-0

[Event "SVK-chT U20"]
[Site "Stara Lubovna"]
[Date "2015.05.03"]
[Round "4.2"]
[White "Viczencz, Peter"]
[Black "Michel, Norbert"]
[Result "1-0"]
[WhiteElo "1800"]
[BlackElo "1843"]
[PlyCount "75"]
[EventDate "2015.05.01"]
[EventType "team-tourn"]
[EventRounds "5"]
[EventCountry "SVK"]
[SourceTitle "EXT 2016"]
[Source "ChessBase"]
[SourceDate "2015.10.08"]
[SourceVersion "1"]
[SourceVersionDate "2015.10.08"]
[SourceQuality "1"]
[WhiteTeam "Komarno"]
[BlackTeam "Kosice Slavia"]
[WhiteTeamCountry "SVK"]
[BlackTeamCountry "SVK"]

1. e4 c5 2. Nf3 Nc6 3. d4 cxd4 4. Nxd4 g6 5. Nc3 Bg7 6. Be3 Nf6 7. f3 0-0 8. Qd2 d5 9. exd5 Nxd5 10. Nxc6 bxc6 11. Nxd5 Qxd5 12. Qxd5 cxd5 13. Rb1 Bf5 14. Bd3 Bxd3 15. cxd3 Rfc8 16. Kd2 Rcb8 17. Bc5 Bh6+ 18. Ke2 e5 19. Be3 Bg7 20. Rhc1 Rc8 21. b4 d4 22. Bd2 Bf8 23. Rc4 Rab8 24. a4 Rxc4 25. dxc4 f5 26. Kd3 Kf7 27. b5 Bc5 28. Bb4 Bxb4 29. Rxb4 Ke6 30. c5 Kd5 31. c6 e4+ 32. Kd2 Kc5 33. Rb1 Re8 34. a5 a6 35. c7 Kd6 36. b6 Kc6 37. Rb4 Kc5 38. b7 1-0

[Event "SVK-chT U20"]
[Site "Stara Lubovna"]
[Date "2015.05.02"]
[Round "2.2"]
[White "Kravec, Patrik"]
[Black "Michel, Norbert"]
[Result "1-0"]
[WhiteElo "2090"]
[BlackElo "1843"]
[PlyCount "71"]
[EventDate "2015.05.01"]
[EventType "team-tourn"]
[EventRounds "5"]
[EventCountry "SVK"]
[SourceTitle "EXT 2016"]
[Source "ChessBase"]
[SourceDate "2015.10.08"]
[SourceVersion "1"]
[SourceVersionDate "2015.10.08"]
[SourceQuality "1"]
[WhiteTeam "Sabinov"]
[BlackTeam "Kosice Slavia"]
[WhiteTeamCountry "SVK"]
[BlackTeamCountry "SVK"]

1. Nf3 c5 2. g3 b6 3. Bg2 Bb7 4. b3 Nf6 5. c4 e6 6. Bb2 Be7 7. 0-0 0-0 8. d4 cxd4 9. Qxd4 Nc6 10. Qd1 Qc7 11. Nc3 a6 12. e4 Rfd8 13. Ne1 Ne5 14. Qe2 d6 15. Nc2 Rdc8 16. Nd4 Nc6 17. Rfd1 Nxd4 18. Rxd4 Ne8 19. Rc1 Bg5 20. Rcd1 Bf6 21. R4d3 Bc6 22. Ba3 Be7 23. e5 Bxg2 24. Kxg2 dxe5 25. Bxe7 Qxe7 26. Qxe5 Rd8 27. Ne4 Rxd3 28. Rxd3 Qb7 29. f3 b5 30. c5 b4 31. Nd6 Qc7 32. Qe4 Rb8 33. Nxe8 Qxc5 34. Nd6 Qc2+ 35. Kh3 Qxa2 36. Nxf7 1-0

[Event "SVK-ch U14"]
[Site "Stara Lubovna"]
[Date "2014.04.12"]
[Round "9"]
[White "Haring, Viktor"]
[Black "Michel, Norbert"]
[Result "1-0"]
[WhiteElo "2090"]
[BlackElo "1405"]
[PlyCount "63"]
[EventDate "2014.04.05"]
[EventType "swiss"]
[EventRounds "9"]
[EventCountry "SVK"]
[SourceTitle "EXT 2016"]
[Source "ChessBase"]
[SourceDate "2015.10.08"]
[SourceVersion "1"]
[SourceVersionDate "2015.10.08"]
[SourceQuality "1"]

1. e4 e6 2. d4 d5 3. Nd2 dxe4 4. Nxe4 Bd7 5. Nf3 Bc6 6. Bd3 Nd7 7. Qe2 Ngf6 8. 0-0 Nxe4 9. Bxe4 Bxe4 10. Qxe4 c6 11. c4 Be7 12. Rd1 0-0 13. Bf4 Re8 14. a3 Qa5 15. Rd3 Rad8 16. Rad1 Bf6 17. g4 h6 18. b4 Qa6 19. Rc1 g5 20. Bc7 Rc8 21. Bg3 Bg7 22. h4 Nf6 23. Qe2 Nh7 24. hxg5 Nxg5 25. Nxg5 hxg5 26. Qe4 Qb6 27. Kg2 f6 28. Qg6 Rcd8 29. c5 Qa6 30. Bd6 b6 31. Rh1 Rxd6 32. Qxe8+ 1-0